| 000 | 01285cam a2200373 a 4500 | ||
|---|---|---|---|
| 999 |
_c36032 _d36032 |
||
| 001 | 1522036 | ||
| 003 | OSt | ||
| 005 | 20200616124737.0 | ||
| 008 | 900424s1989 ii b 001 0 eng | ||
| 010 | _a 89906374 | ||
| 020 |
_a8121202736 (set) : _cRs360.00 |
||
| 020 |
_a8121202744 : _cRs200.00 |
||
| 020 |
_a8121202752 : _cRs200.00 |
||
| 025 | _aI E 61517 | ||
| 040 |
_aDLC _coclc _dDLC |
||
| 043 | _aa-ii--- | ||
| 050 | 0 | 0 |
_aGN635.I4 _bT674 1989 |
| 082 |
_a307.140954 _bRAH/T |
||
| 100 |
_92979 _aRaha, Manis Kumar |
||
| 245 | 0 | 0 |
_aTribal India : _bproblem development prospect / _cManis Kumar Raha ; associate in editing work Palash Chandra Coomar. |
| 260 |
_aNew Delhi : _bGian Pub. House, _cc1989. |
||
| 300 |
_a2 v. ; _c23 cm. |
||
| 500 | _aContributed papers. | ||
| 504 | _aIncludes bibliographical references. | ||
| 650 | 0 |
_aRural development _zIndia. |
|
| 651 | 0 |
_aIndia _xScheduled tribes. |
|
| 651 | 0 |
_aIndia _xSocial conditions. |
|
| 651 | 0 |
_aIndia _xEconomic conditions. |
|
| 700 | 1 | _aRaha, Manis Kumar. | |
| 700 | 1 |
_aCoomar, Palash Chandra, _d1956- |
|
| 906 |
_a7 _bcbc _corignew _d3 _encip _f19 _gy-gencatlg |
||
| 942 |
_2ddc _cBK _h307.140954 _iRAH/T _k307.140954 _mRAH/T |
||